LEADER 03085nam 2200649Ia 450 001 9910781059503321 005 20230721005748.0 010 $a6612454520 010 $a1-282-45452-8 010 $a9786612454523 010 $a1-60750-430-8 035 $a(CKB)2550000000005776 035 $a(EBL)476823 035 $a(OCoLC)608678344 035 $a(SSID)ssj0000357440 035 $a(PQKBManifestationID)12107619 035 $a(PQKBTitleCode)TC0000357440 035 $a(PQKBWorkID)10358664 035 $a(PQKB)11658254 035 $a(MiAaPQ)EBC476823 035 $a(Au-PeEL)EBL476823 035 $a(CaPaEBR)ebr10363631 035 $a(CaONFJC)MIL245452 035 $a(EXLCZ)992550000000005776 100 $a20090925d2009 uy 0 101 0 $aeng 135 $aur|n|---||||| 181 $ctxt 182 $cc 183 $acr 200 10$aBuilding terrorism resistant communities$b[electronic resource] $etogether against terrorism /$fedited by S ?dd ?k Ekici ... [et al.] 210 $aAmsterdam ;$aWashington DC $cIOS Press$d2009 215 $a1 online resource (368 p.) 225 0 $aNATO science for peace and security series. E, Human and societal dynamics,$x1874-6276 ;$vv. 55 300 $a"Proceedings of the NATO Advanced Research Workshop on Together against Terrorism: Building Terrorism Resistant Communities, Washington D.C., USA, 26-27 September 2008."--T.p. verso. 300 $a"Published in cooperation with NATO Public Diplomacy Division"--T.p. 311 $a1-60750-006-X 320 $aIncludes bibliographical references and indexes. 327 $aTitle page; Preface; About the Editors; Principal Contributors; Contents; Introductory Chapter. Perspectives on Community Involvement in Counter Terrorism; Terrorism and Its Causes; Organizational and Structural Approaches to Terrorism; The Society and Counter Terrorism; Concluding Chapter. Suggestion: Counter the Threat Together!; Subject Index; Author Index 330 $aIntends to explore methods to involve the community in the fight against terrorism in an effort to enhance its protection from terrorist attacks and to establish a network between the participants for future collaborations. This guide can help policy makers gain an understanding of how counter terrorism requires community support and involvement. 410 0$aNATO Science for Peace and Security Series E: Human and Societal Dynamics, v. 55 606 $aTerrorism$xPrevention$vCongresses 606 $aPolitical violence 615 0$aTerrorism$xPrevention 615 0$aPolitical violence. 676 $a363.32517 676 $a364 701 $aEkici$b S. ?dd ?k$01525783 712 02$aNorth Atlantic Treaty Organization.$bPublic Diplomacy Division. 712 12$aNATO Advanced Research Workshop on Together against Terrorism: Building Terrorism Resistant Communities 801 0$bMiAaPQ 801 1$bMiAaPQ 801 2$bMiAaPQ 906 $aBOOK 912 $a9910781059503321 996 $aBuilding terrorism resistant communities$93767387 997 $aUNINA LEADER 03639oam 2200793 c 450 001 9910973673703321 005 20260302090207.0 010 $a3-657-70274-1 024 7 $a10.30965/9783657702749 035 $a(CKB)4920000000126313 035 $a(nllekb)BRILL9783657702749 035 $a(MiAaPQ)EBC6517662 035 $a(Au-PeEL)EBL6517662 035 $a(OCoLC)1243535394 035 $a(Brill | Scho?ningh)9783657702749 035 $a(Brill | Schöningh)9783657702749 035 $a(EXLCZ)994920000000126313 100 $a20260302d2019 uy 0 101 0 $ager 135 $aurun####uuuua 181 $ctxt$2rdacontent 182 $cn$2rdamedia 183 $2rdacarrier 200 10$aNeues Deutschland ? neues Deutschlandbild?$eSelbstdarstellung und Rezeption der Berliner Republik in Frankreich seit 1990$fJean-Samuel Marx, Edgar Wolfrum, Siegfried Weichlein, Cord Arendes 205 $a1st ed. 210 $aPaderborn$cBrill | Schöningh$d2019 215 $a1 online resource 225 1 $aSammlung Scho?ningh zur Geschichte und Gegenwart 311 08$a3-506-70274-2 320 $aIncludes bibliographical references and index. 327 $aFront Matter -- Copyright page -- Danksagung -- Einleitung -- Neues Deutschland ? alte Bilder? Die Gegenwart der Vergangenheit. 1990?1998 -- Eine allmähliche Emanzipation von der Vergangenheit? 1998 bis 2009 -- Ausblick: eine schleichende Entfremdung? Die Selbstdarstellung und Rezeption Deutschlands in Krisenzeiten. 2010?2015 -- Schlussbetrachtung -- Back Matter -- Abkürzungsverzeichnis -- Literatur- und Quellenverzeichnis -- Personenregister. 330 $aDie Wiedervereinigung veränderte Deutschland nicht nur im Inneren, sondern wirkte sich auch in hohem Maße auf die deutsche Stellung in Europa und in der Welt aus. Die neuen Rahmenbedingungen sowie der Generationswechsel in der Politik führten in den Folgejahren zu einer Veränderung der deutschen Selbstdarstellung. All dies blieb nicht ohne Folgen auf ihre Wahrnehmung im Ausland. Der promovierte Historiker Jean-Samuel Marx untersucht in diesem Band die Selbstdarstellung und die Rezeption des wiedervereinigten Deutschlands in Frankreich seit 1990. Dabei arbeitet er heraus, anhand welcher Faktoren diese Entwicklungen zu erklären sind und inwiefern die Selbstdarstellung der Bundesrepublik und ihre Rezeption miteinander korrelieren. 410 0$aSammlung Scho?ningh zur Geschichte und Gegenwart. 606 $aWiedervereinigung 606 $aVergangenheit 606 $aAußen- und Sicherheitspolitik 606 $aEuropapolitik 606 $aErinnerungskultur 606 $aNormalität 606 $areunification 606 $aforeign and security policy 606 $aEuropean policy 606 $aculture of remembrance 606 $apast 606 $anormality 615 4$aWiedervereinigung 615 4$aVergangenheit 615 4$aAußen- und Sicherheitspolitik 615 4$aEuropapolitik 615 4$aErinnerungskultur 615 4$aNormalität 615 4$areunification 615 4$aforeign and security policy 615 4$aEuropean policy 615 4$aculture of remembrance 615 4$apast 615 4$anormality 676 $a943.15500441 700 $aMarx$b Jean-Samuel$4aut$01836851 702 $aWolfrum$b Edgar$4edt 702 $aWeichlein$b Siegfried$4edt 702 $aArendes$b Cord$4edt 801 0$bMiAaPQ 801 1$bMiAaPQ 801 2$bMiAaPQ 906 $aBOOK 912 $a9910973673703321 996 $aNeues Deutschland - neues Deutschlandbild$94415053 997 $aUNINA